[Event "12th TCh-BIH Prem"]
[Site "Sarajevo BIH"]
[Date "2013.06.21"]
[Round "7.4"]
[White "Miladinovic,I"]
[Black "Bogosavljevic,B"]
[Result "1/2-1/2"]
[WhiteElo "2556"]
[BlackElo "2548"]

1.d4 Nf6 2.Bg5 d5 3.Bxf6 exf6 4.e3 Bd6 5.c4 dxc4 6.Bxc4 O-O 7.Nc3 f5 8.Nf3 Nd7
9.O-O c6 10.Re1 Nf6 11.Qc2 Qe7 12.Bd3 g6 13.a3 Be6 14.Rac1 Rad8 15.Qe2 Kg7
16.g3 h6 17.Red1 Rfe8 18.Nd2 h5 19.Nf3 a6 20.Bc4 Bc7 21.b4 Bxc4 22.Qxc4 Nd5
23.Kg2 Bb8 24.Qb3 Qe6 25.Nxd5 Rxd5 26.Rc5 Red8 27.Rdc1 Ba7 28.Rxd5 Qxd5 29.Qxd5 Rxd5
30.Ne5 Bb8 31.Nd3 Rd7 32.Nc5 Re7 33.h4 Kf6 34.Kf3 Bd6 35.Nb3 Ke6 36.Na5 Kd5
37.Nc4 Bc7 38.Ke2 Rd7 39.Kd3 Re7 40.Nb2 Bd6 41.Na4 Bc7 42.Rc5+ Ke6 43.Rc1 Bd6
44.Nc5+ Kd5 45.Nb3 Re8 46.Na5 Re7 47.Nb3 Re8 48.Rc3 Re7 49.Na5 Rd7 50.Rc2 Re7
51.Nb3 Re8 52.Nc5 Re7 53.Nb3 Re8 54.Na5 Re7  1/2-1/2

[Event "8th Teplice Open 2013"]
[Site "Teplice CZE"]
[Date "2013.06.21"]
[Round "7.1"]
[White "Teske,H"]
[Black "Plischki,S"]
[Result "1/2-1/2"]
[WhiteElo "2514"]
[BlackElo "2386"]

1.d4 Nf6 2.Bg5 g6 3.Nd2 d5 4.Bxf6 exf6 5.e3 c6 6.Ne2 Nd7 7.g3 f5 8.Bg2 Bd6
9.c4 dxc4 10.Nxc4 Bb4+ 11.Nc3 Nb6 12.Nxb6 axb6 13.Qb3 Bxc3+ 14.Qxc3 O-O 15.O-O Be6
16.d5 Bxd5 17.Rfd1 Qe7 18.Bxd5 cxd5 19.Rxd5 Rfd8 20.Rd4 Rac8 21.Rad1 Qe8
22.a3 Rxd4 23.Qxd4 Qc6 24.Qd5 b5 25.Kg2 Kg7 26.h4 h5 27.Kf3 Rc7 28.Qxc6 bxc6
29.Rd6 Kf8 30.Kf4 Ke7 31.Ke5 Rc8 32.f3 Rc7 33.Rf6 Rc8 34.Rd6 Rc7 35.e4 fxe4
36.fxe4 Rc8 37.Rf6 Rc7 38.Rd6 Rc8 39.Rf6 Rc7 40.Rf3 Rd7 41.Rc3 Rd6 42.b3 f6+
43.Kf4 Kd7 44.a4 bxa4 45.bxa4 Rd4 46.Ra3 f5 47.Kg5 fxe4 48.Kxg6 Rd3 49.Ra2 Rxg3+
50.Kxh5 Kc7 51.a5  1/2-1/2

[Event "63rd ch-RUS HL w"]
[Site "Yekaterinburg RUS"]
[Date "2013.06.21"]
[Round "2.13"]
[White "Monina,P"]
[Black "Rodionova,Daria"]
[Result "0-1"]
[WhiteElo "1958"]
[BlackElo "2109"]

1.d4 Nf6 2.Bg5 d5 3.e3 c6 4.Bd3 g6 5.Bxf6 exf6 6.c3 f5 7.Ne2 Bd6 8.h4 h5
9.Nd2 Nd7 10.Nf3 Qe7 11.Qc2 Nf6 12.Ng5 Ng4 13.g3 O-O 14.Nh3 Re8 15.O-O b6
16.Nef4 Kg7 17.Ng2 c5 18.Rfe1 c4 19.Be2 Nf6 20.Bf3 Ne4 21.Ngf4 Bb7 22.a4 a6
23.Rec1 Bc6 24.Bxe4 fxe4 25.b4 f6 26.Kh2 g5 27.Ng2 Bd7 28.Rh1 Bg4 29.Ng1 Qd7
30.Ne2 Bf3 31.Kg1 Qg4 32.Kf1 Qf5 33.Kg1 Rg8 34.Rh2 Kf7 35.Ra2 Rg7 36.Ra1 Qg4
37.Kf1 Bxg2+ 38.Kxg2 gxh4 39.Nf4 hxg3 40.fxg3 Bxf4 41.exf4 Qf3+ 42.Kg1 Rxg3+
43.Rg2 Rxg2+ 44.Qxg2 Rg8  0-1

[Event "HSG Open A 2013"]
[Site "Hilversum NED"]
[Date "2013.06.22"]
[Round "4.6"]
[White "Admiraal,M"]
[Black "Fieberg,Samuel"]
[Result "1-0"]
[WhiteElo "2316"]
[BlackElo "1900"]

1.d4 d5 2.Bg5 Nf6 3.Bxf6 exf6 4.e3 Bd6 5.c4 dxc4 6.Bxc4 O-O 7.Nc3 c6 8.Nge2 Nd7
9.Qc2 a6 10.Bd3 h6 11.a3 Re8 12.O-O Nb6 13.Ne4 Bc7 14.Nc5 Nd5 15.Bh7+ Kh8
16.Bf5 Qd6 17.g3 Bxf5 18.Qxf5 Rab8 19.Rac1 g6 20.Qf3 f5 21.Kg2 Kg7 22.Rc2 Nf6
23.Nc3 Nd5 24.Nxd5 cxd5 25.Rfc1 Re7 26.Nd3 Rd8 27.h4 h5 28.Nf4 Bb6 29.Nd3 f6
30.Nf4 Kh6 31.Rc3 Red7 32.Rc8 Qe7 33.Rxd8 Qxd8 34.Rc3 Rd6 35.Rb3 Qg8 36.Nxd5 Qxd5
37.Qxd5 Rxd5 38.Rxb6 Rd7 39.Rxf6 Kg7 40.Rb6  1-0

[Event "Malaysian Masters Men 2013"]
[Site "Kuala Lumpur MAS"]
[Date "2013.06.22"]
[Round "1.2"]
[White "Liew Chee Meng Jimmy"]
[Black "Mas,H"]
[Result "0-1"]
[WhiteElo "2263"]
[BlackElo "2347"]

1.d4 Nf6 2.Bg5 d5 3.Bxf6 gxf6 4.e3 c5 5.Nc3 e6 6.Qh5 a6 7.Nf3 b5 8.dxc5 f5
9.O-O-O Qf6 10.Nd4 Bxc5 11.f4 Bb7 12.Bd3 Nd7 13.Nce2 O-O-O 14.c3 Kb8 15.Ng1 b4
16.cxb4 Bxd4 17.exd4 Qxd4 18.Qxf7 Qxf4+ 19.Kb1 Ne5 20.Nh3 Nxf7 21.Nxf4 Rd6
22.b5 a5 23.a4 e5 24.Ne2 Nh6 25.h3 d4 26.b4 axb4 27.a5 Bxg2 28.Rhg1 Rg8 29.Bc4 Rgg6
30.Nc1 Bd5 31.Be2 Rxg1 32.Rxg1 e4 33.Rg7 f4 34.Rxh7 f3 35.Bf1 e3 36.Rh8+ Kb7
37.Rh7+ Nf7 38.Kb2 Rh6 39.Rg7 e2 40.Bxe2 fxe2 41.Nxe2 Rh4 42.Rg4 Rxg4 43.hxg4 d3
44.Nf4 Bc4 45.b6 Ne5 46.g5 d2 47.Kc2 Nf3  0-1

[Event "3rd Big Slick GM"]
[Site "Purley ENG"]
[Date "2013.06.22"]
[Round "1"]
[White "Gormally,D"]
[Black "Nemcova,Kat"]
[Result "1-0"]
[WhiteElo "2496"]
[BlackElo "2382"]

1.d4 Nf6 2.Bg5 d5 3.e3 c5 4.Nc3 Nc6 5.Bb5 e6 6.Nf3 Bd7 7.O-O a6 8.Bxc6 Bxc6
9.Ne5 Be7 10.dxc5 Bxc5 11.e4 Be7 12.exd5 Bxd5 13.Qe2 h6 14.Bh4 O-O 15.Rad1 Qc7
16.Nxd5 Nxd5 17.Bg3 Qa5 18.Ng6 Rfe8 19.c4 Nf6 20.Nxe7+ Rxe7 21.Be5 Rc8 22.Rd3 Ne8
23.b3 b5 24.Rc1 bxc4 25.bxc4 Rb7 26.h3 Qc5 27.Bd4 Qe7 28.c5 Rb4 29.Qd2 Rb7
30.Rg3 Kh7 31.Qd3+ f5 32.Re1 a5 33.Rge3 Rc6 34.Qxf5+  1-0

[Event "HSG Open A 2013"]
[Site "Hilversum NED"]
[Date "2013.06.23"]
[Round "5.5"]
[White "Admiraal,M"]
[Black "Van Eijndhoven,E"]
[Result "1-0"]
[WhiteElo "2316"]
[BlackElo "2084"]

1.d4 Nf6 2.Bg5 d5 3.Bxf6 exf6 4.e3 Be6 5.g3 Bd6 6.Bg2 c6 7.Ne2 Nd7 8.Qd3 f5
9.b3 Nf6 10.Nf4 O-O 11.O-O Qd7 12.c4 Rfe8 13.Nc3 Bf8 14.c5 g5 15.Nfe2 Ne4
16.b4 Nxc3 17.Qxc3 f6 18.Qd3 Bf7 19.Bh3 Bh5 20.Nc3 Bg4 21.Bxg4 fxg4 22.b5 f5
23.bxc6 bxc6 24.Rab1 Qf7 25.Qa6 Re6 26.Qb7 Qh5 27.Qxa8 Rh6 28.Rfe1 Qxh2+
29.Kf1 f4 30.exf4 Qh1+ 31.Ke2 Qf3+ 32.Kd2 Qxf2+ 33.Ne2 gxf4 34.Rb8 Rf6 35.gxf4 Rxf4
36.Rxf8+ Rxf8 37.Qxc6 Qf5 38.Nc3 Qf2+ 39.Re2 Qf4+ 40.Kc2 Qf5+ 41.Kb3 Rb8+
42.Ka3  1-0

[Event "TCh-SUI 2013"]
[Site "Switzerland SUI"]
[Date "2013.06.23"]
[Round "5.3"]
[White "Gerber,R"]
[Black "Bogner,S"]
[Result "0-1"]
[WhiteElo "2416"]
[BlackElo "2548"]

1.d4 Nf6 2.Bg5 d5 3.Bxf6 exf6 4.e3 Bd6 5.c4 dxc4 6.Bxc4 O-O 7.Nc3 f5 8.Qc2 f4
9.Nf3 Bg4 10.O-O-O fxe3 11.fxe3 Nc6 12.h3 Bh5 13.g4 Bg6 14.e4 Rb8 15.h4 h5
16.Qg2 Qf6 17.gxh5 Bxh5 18.Rhf1 Bf4+ 19.Kb1 Qg6 20.Qe2 Rbe8 21.Ka1 Kh8 22.Bb3 Qg3
23.e5 Bxe5 24.dxe5 Nxe5 25.Qh2 Qxh2 26.Nxh2 Bxd1 27.Bxd1 f5 28.Nf3 Ng4 29.Nd5 f4
30.Bb3 c6 31.Nc7 Re3 32.Ne6 Re8 33.Neg5 Nh2 34.Nf7+ Kg8 35.N7e5+ Rxb3 36.Nxh2 Re3
37.Nef3 Re2 38.Ng4 Rd8 39.a3 Rd5 40.Rc1 Rd3 41.Rf1 c5 42.Nge5 Rd6 43.Rc1 b6
44.Rg1 b5 45.a4 bxa4 46.Ka2 Rb6 47.Nc4 Rb4 48.Rc1 Rb3 49.Ncd2 Rd3 50.Rc4 Rdxd2
51.Nxd2 Rxd2 52.Rxf4 Rd4 53.Rf5 Rxh4 54.Rxc5 Rf4 55.Kb1 Kh7 56.Kc2 Kh6 57.Kd3 g5
58.Ke3 Kh5 59.Rc1 Rb4 60.Rh1+ Kg4 61.Rg1+ Kf5 62.Rf1+ Ke5 63.Rf7 Rb3+ 64.Kf2 Rxb2+
65.Kg3 a5 66.Rg7 Kf5 67.Rf7+ Ke4 68.Rg7 Rb5  0-1

[Event "66th ch-RUS HL"]
[Site "Yekaterinburg RUS"]
[Date "2013.06.23"]
[Round "4.19"]
[White "Ovod,E"]
[Black "Gabrielian,A"]
[Result "0-1"]
[WhiteElo "2387"]
[BlackElo "2545"]

1.d4 Nf6 2.Bg5 d5 3.e3 Nbd7 4.Nf3 e6 5.c4 Bb4+ 6.Nc3 c5 7.cxd5 exd5 8.dxc5 Qa5
9.Qd4 Ne4 10.Qxg7 Rf8 11.Bd3 f6 12.O-O Bxc3 13.bxc3 Nxg5 14.Nxg5 fxg5 15.Bxh7 Qxc5
16.Qxg5 Qe7 17.Bg6+ Kd8 18.Qxd5 Kc7 19.Rab1 Nb6 20.Qa5 Rf6 21.Bd3 Rh6 22.c4 Qd6
23.g3 Qxd3 24.c5 Kb8 25.cxb6 axb6 26.Qe5+ Qd6 27.Qe8 Re6 28.Qg8 Rg6 29.Qe8 Re6
30.Qg8 Qe5 31.Rfc1 Re8 32.Qg6 Bf5 33.Qxb6 Bxb1 34.Rxb1 Ra7 35.h4 Rc8 36.Rb2 Qd5
37.Kh2 Rc1 38.e4 Qd1 39.g4 Qg1+ 40.Kh3 Rc3+  0-1

[Event "TCh-MNE Prem 2013"]
[Site "Cetinje MNE"]
[Date "2013.06.24"]
[Round "1.4"]
[White "Pavlovic,Dej"]
[Black "Konjevic,Djordje"]
[Result "1/2-1/2"]
[WhiteElo "2398"]
[BlackElo "2324"]

1.d4 Nf6 2.Bg5 d5 3.Bxf6 exf6 4.e3 f5 5.c4 Bb4+ 6.Nc3 O-O 7.cxd5 Qxd5 8.Ne2 a5
9.a3 Bxc3+ 10.Nxc3 Qd8 11.Be2 Nd7 12.O-O Nf6 13.Bf3 c6 14.Qd3 Qe7 15.Rab1 Be6
16.Rfc1 Rfd8 17.b4 axb4 18.axb4 g6 19.b5 c5 20.d5 Qd6 21.Rd1 Bd7 22.Ra1 Be8
23.g3 Nd7 24.Bg2 Ne5 25.Qc2 c4 26.e4 Bd7 27.Qd2 Rxa1 28.Rxa1 Nd3 29.Ra4 Rc8
30.Qa2 Qc5 31.exf5 Bxf5 32.h3 Qd4 33.Qd2 Re8 34.d6 Qxd6 35.Rxc4 Qe5 36.g4 Qe1+
37.Qxe1 Rxe1+ 38.Kh2 Be6 39.Rd4 Nc5 40.Rd6 Rc1 41.Ne4 Na4 42.Nf6+ Kg7 43.g5 b6
44.Bc6 h6 45.h4 hxg5 46.hxg5 Kf8 47.Rd8+ Ke7 48.Rd4 Bb3 49.Bd5 Nc5 50.Bxb3 Nxb3
51.Rd7+ Ke6 52.Rb7 Kf5 53.Nh7 Nd4 54.Kg2 Kg4 55.Rxf7 Nf5 56.Nf6+ Kxg5 57.Ne4+ Kf4
58.Ng3 Rc5 59.Rf6 Rxb5 60.Kh3 Kg5 61.Ne4+ Kh6 62.Kg4 Rb4 63.f3 Ne3+ 64.Kg3 Kg7
65.Re6 Nf5+ 66.Kg4 Nd4 67.Re7+ Kh6 68.Rd7 Ne6 69.Rd6 Nc5 70.Kf4 Kh5 71.Rd1 Kh6
72.Ke5 Rb5 73.Kf6 Nxe4+ 74.fxe4 Kh7 75.e5 Rb2 76.Rh1+ Kg8 77.Kxg6 Rf2 78.Rb1 Kf8
79.Rxb6 Ke7 80.Kg5  1/2-1/2

[Event "TCh-MNE Prem 2013"]
[Site "Cetinje MNE"]
[Date "2013.06.25"]
[Round "2.3"]
[White "Miljanic,B"]
[Black "Bozovic,N"]
[Result "1-0"]
[WhiteElo "2392"]
[BlackElo "2292"]

1.d4 Nf6 2.Bg5 d5 3.e3 e6 4.Nd2 Be7 5.Bd3 b6 6.c3 Bb7 7.f4 Ne4 8.Nxe4 dxe4
9.Bb5+ Nd7 10.Nh3 O-O 11.O-O c5 12.Qa4 Nf6 13.Bxf6 Bxf6 14.Ba6 Bxa6 15.Qxa6 Qd5
16.Nf2 Bh4 17.g3 Be7 18.b3 cxd4 19.cxd4 Bb4 20.Qe2 f5 21.Rac1 Rac8 22.Rc4 Ba3
23.Rxc8 Rxc8 24.Qa6 Rc3 25.Nd1 Rc2 26.Qxa3 Qb5 27.Qe7 g6 28.Qxe6+ Kf8 29.Qe5 Qe2
30.Qh8+ Kf7 31.Qxh7+ Kf6 32.Qh3 Rd2 33.Nf2 Qxe3 34.g4 Qxh3 35.g5+ Ke6 36.Nxh3 Kd5
37.Rf2 Rxd4 38.Rf1 Rd2 39.Rf2 Rd1+ 40.Kg2 Kd4 41.Ng1 Kd3 42.h4 e3 43.Rf1 Rd2+
44.Kf3 Rh2 45.Kg3 Rxa2 46.h5 gxh5 47.g6 Rc2 48.g7 Rc8 49.Rd1+ Kc2 50.Rd7 Rg8
51.Rxa7 Kxb3 52.Rb7 Kc4 53.Kf3 b5 54.Kxe3 b4 55.Nf3 Kd5 56.Rxb4 Rxg7 57.Rb5+  1-0

[Event "DC International"]
[Site "Arlington USA"]
[Date "2013.06.27"]
[Round "1.7"]
[White "Zimmer,Ra"]
[Black "Sarkar,J"]
[Result "0-1"]
[WhiteElo "2182"]
[BlackElo "2451"]

1.d4 Nf6 2.Bg5 d5 3.Bxf6 exf6 4.e3 c5 5.Nc3 Be6 6.Nge2 Nc6 7.g3 cxd4 8.exd4 Bd6
9.Bg2 Ne7 10.Qd2 Rc8 11.a3 a6 12.Nd1 Qb6 13.c3 O-O 14.O-O Rfd8 15.Ne3 Bb8
16.Nc1 Nf5 17.Nd3 Nxe3 18.fxe3 f5 19.Rf2 h5 20.Raf1 g6 21.Nf4 Kg7 22.Qd1 Qd6
23.Qf3 Qe7 24.Kh1 h4 25.gxh4 Rh8 26.Rg1 Rxh4 27.Bf1 Rch8 28.Rg3 g5 29.Rfg2 Rg4
30.Nxe6+ Qxe6 31.Rh3 Rxh3 32.Qxh3 Qe4 33.Kg1 Rh4 34.Rxg5+ Kh6 35.Qxf5 Qxe3+  0-1

[Event "FIDE WGP Dilijan 2013"]
[Site "Dilijan ARM"]
[Date "2013.06.28"]
[Round "11.5"]
[White "Koneru,H"]
[Black "Batchimeg,Tuvshintugs"]
[Result "1-0"]
[WhiteElo "2597"]
[BlackElo "2316"]

1.d4 d5 2.Bg5 Nf6 3.e3 Ne4 4.Bf4 g6 5.Bd3 Nd6 6.Nc3 c6 7.h4 Bg7 8.h5 O-O
9.g4 Nd7 10.Nf3 Qe8 11.Ne5 Nxe5 12.dxe5 Nc4 13.Bxc4 dxc4 14.hxg6 fxg6 15.Qe2 g5
16.Bxg5 Qg6 17.f4 Bxe5 18.O-O-O Bg7 19.Rh4 e5 20.Be7 Re8 21.f5 Qf7 22.Bg5  1-0

[Event "2nd Arberopen 2013"]
[Site "Bayerisch Eisenstein GER"]
[Date "2013.06.29"]
[Round "1.22"]
[White "Schleich,T"]
[Black "Schroeder,St"]
[Result "0-1"]
[WhiteElo "2082"]
[BlackElo "1814"]

1.d4 Nf6 2.Bg5 d5 3.e3 Bf5 4.Bd3 Bxd3 5.Qxd3 c6 6.Nd2 Nbd7 7.f4 e6 8.Ngf3 Be7
9.Ne5 Nxe5 10.fxe5 Nd7 11.Bxe7 Qxe7 12.O-O O-O 13.Rf3 f6 14.Rh3 g6 15.Nf3 fxe5
16.dxe5 Rf5 17.Qb3 Nxe5 18.Nd4 Rf6 19.Ne2 Raf8 20.Qa4 Qg7 21.Nf4 Nc4 22.Qxa7 e5
23.b3 exf4 24.bxc4 fxe3 25.Rf3 Rxf3 26.gxf3 Rxf3 27.cxd5 cxd5  0-1

[Event "TCh-MNE Prem 2013"]
[Site "Cetinje MNE"]
[Date "2013.06.29"]
[Round "6.4"]
[White "Pavlovic,Dej"]
[Black "Perosevic,A"]
[Result "1/2-1/2"]
[WhiteElo "2398"]
[BlackElo "2183"]

1.d4 Nf6 2.Bg5 c5 3.d5 Qb6 4.Nc3 e5 5.e4 h6 6.Bxf6 gxf6 7.Qf3 d6 8.O-O-O Bd7
9.Qxf6 Rg8 10.h3 Be7 11.Qf3 Na6 12.Nge2 Qa5 13.Ng3 b5 14.Kb1 c4 15.Nf5 Bf8
16.Qe3 Rg6 17.f4 exf4 18.Qxf4 O-O-O 19.g4 b4 20.Ne2 c3 21.Ned4 Nc7 22.Nb3 Qb6
23.Qe3 Qxe3 24.Nxe3 Bg7 25.Nf5 Be5 26.Ne7+ Kb7 27.Nxg6 fxg6 28.bxc3 Bxc3
29.Bd3 Nb5 30.Rhf1 Na3+ 31.Kc1 h5 32.Rf7 Kb6 33.Be2 hxg4 34.hxg4 a5 35.Nd4 Ba4
36.Nb3 Rc8 37.Bd3 Be8 38.Re7 a4 39.Nd2 Bb5 40.Bxb5 Bf6 41.Bxa4  1/2-1/2

[Event "66th ch-RUS HL"]
[Site "Yekaterinburg RUS"]
[Date "2013.06.29"]
[Round "9.13"]
[White "Shimanov,A"]
[Black "Ovetchkin,R"]
[Result "1/2-1/2"]
[WhiteElo "2664"]
[BlackElo "2529"]

1.d4 Nf6 2.Bg5 d5 3.Nc3 Bf5 4.f3 Nbd7 5.Qd2 e6 6.e3 Be7 7.Nge2 h6 8.Bxf6 Nxf6
9.Nf4 c6 10.g4 Bh7 11.Bd3 g5 12.Bxh7 gxf4 13.Bd3 fxe3 14.Qxe3 Qb6 15.Rb1 c5
16.dxc5 Bxc5 17.Qf4 Ke7 18.Kf1 Be3 19.Qg3 Rag8 20.h4 Qd6 21.Qxd6+ Kxd6 22.Ke2 Bb6
23.Nb5+ Ke7 24.c3 e5 25.Bf5 a6 26.Na3 Ne8 27.Rbd1 Nc7 28.Rhe1 Kf6 29.h5 Rd8
30.Nc2 Ne6 31.Nb4 Nf4+ 32.Kf1 Rd6 33.Nd3 Nxd3 34.Rxd3 Rhd8 35.Red1 Bc7 36.Ke2 Kg5
37.Ke3 a5 38.a4 Bb6+ 39.Ke2 Bc5 40.b3 d4 41.c4  1/2-1/2

[Event "2nd Arberopen 2013"]
[Site "Bayerisch Eisenstein GER"]
[Date "2013.07.01"]
[Round "3.11"]
[White "Closhen,I"]
[Black "Meduna,E2"]
[Result "1-0"]
[WhiteElo "1987"]
[BlackElo "2082"]

1.d4 Nf6 2.Bg5 d5 3.Nd2 e6 4.e3 Be7 5.Bd3 h6 6.Bh4 O-O 7.f4 b6 8.Nh3 c5 9.c3 cxd4
10.exd4 Ba6 11.Qe2 Bxd3 12.Qxd3 Nbd7 13.O-O Re8 14.Rae1 Nf8 15.f5 Qd7 16.fxe6 Nxe6
17.Nf3 Ng4 18.Qf5 Bxh4 19.Nxh4 Nf8 20.Qf3 Nf6 21.Nf2 N8h7 22.Nf5 Rxe1 23.Rxe1 Re8
24.Re5 Rxe5 25.dxe5 Ne8 26.h4 Qe6 27.Nd3 Nf8 28.g4 Nd7 29.Qxd5 Nc7 30.Qxe6 fxe6
31.Nd4 Kf7 32.c4 a6 33.b4 Ke8 34.Kf2 Nf8 35.Ke3 Kd7 36.Ke4 Ng6 37.h5 Nh8
38.c5 b5 39.c6+ Ke7 40.Nf4 Nf7 41.Nf3 Nd8 42.Nd4 Kf7 43.a3 Ke7 44.Nd3 Nf7
45.Nb3 Kd8 46.Kd4 Nd5 47.Ndc5 Nc7 48.Ne4 Ke7 49.Na5 Nd5 50.Nb7 Nc7 51.Ned6 Nd8
52.Kc5 Nd5 53.Nc8+ Ke8 54.Kd6 Nf4 55.Nxd8 Kxd8 56.Ne7 Nd5 57.Nxd5  1-0

[Event "TCh-MNE Prem 2013"]
[Site "Cetinje MNE"]
[Date "2013.07.01"]
[Round "8.3"]
[White "Sale,S"]
[Black "Bozovic,N"]
[Result "1-0"]
[WhiteElo "2407"]
[BlackElo "2292"]

1.d4 Nf6 2.Bg5 g6 3.Bxf6 exf6 4.e3 Bg7 5.c4 O-O 6.Nc3 Re8 7.g3 d6 8.Bg2 Nd7
9.Nge2 c6 10.O-O Qe7 11.Qd3 f5 12.b4 Nf6 13.b5 Bd7 14.Rab1 Rab8 15.Rfc1 h5
16.a4 Ne4 17.a5 Bh6 18.Rc2 h4 19.bxc6 bxc6 20.Rcb2 Rxb2 21.Rxb2 Bc8 22.Nxe4 fxe4
23.Qa3 Ba6 24.Qa4 Rc8 25.Nc3 f5 26.Bf1 hxg3 27.hxg3 Bg7 28.c5 Bxf1 29.cxd6 Qxd6
30.Kxf1 c5 31.Qc4+ Kh7 32.Rb7 Qf8 33.d5 Qf6 34.a6 Kh6 35.Ne2 Qa1+ 36.Kg2 Qd1
37.Rxa7 Rd8 38.Rb7 Qd3 39.Qa2 Rd6 40.Nf4 Qxa6 41.Qb1 Qa1 42.Qc2 g5 43.Qxc5 Qe5
44.Rb6 Rxb6 45.Qxb6+ Bf6 46.Ne2 Qb2 47.Qxb2 Bxb2 48.d6 Bf6 49.Nd4  1-0

[Event "4th AIMAG Women"]
[Site "Incheon KOR"]
[Date "2013.07.02"]
[Round "5.6"]
[White "Bhakti,K"]
[Black "Khademalsharieh,S"]
[Result "1-0"]
[WhiteElo "2246"]
[BlackElo "2315"]

1.d4 Nf6 2.Bg5 c5 3.d5 Qb6 4.Nc3 d6 5.e4 Nbd7 6.Rb1 g6 7.Bd2 Bg7 8.f4 O-O
9.Nf3 a6 10.Bc4 Qc7 11.a4 Nb6 12.Be2 Bg4 13.O-O Nfd7 14.b3 c4 15.a5 Nc8 16.b4 b6
17.axb6 Ndxb6 18.Ra1 Qb7 19.h3 Bxf3 20.Bxf3 Nd7 21.Ra4 Ncb6 22.Ra5 Nc8 23.Qb1 Na7
24.Ne2 Nb5 25.c3 Qb6+ 26.Kh2 Rac8 27.Bg4 Rc7 28.Bxd7 Rxd7 29.Qa2 Ra7 30.Qxc4 Rc7
31.Qd3 Rfc8 32.Rc1 Rc4 33.Be3 Qc7 34.Rxa6 Nxc3 35.Rc6 Rxc6 36.dxc6 Na4 37.Qa6  1-0

[Event "9th Baltic Pearl 2013"]
[Site "Lazy POL"]
[Date "2013.07.03"]
[Round "4.17"]
[White "Betkowski,A"]
[Black "Janik,Igor"]
[Result "1/2-1/2"]
[WhiteElo "2066"]
[BlackElo "1930"]

1.d4 Nf6 2.Bg5 c5 3.d5 d6 4.Nc3 Qb6 5.e4 Qxb2 6.Bd2 Qb6 7.f4 Nbd7 8.Nf3 Qc7
9.Bc4 a6 10.a4 Nb6 11.Ba2 Bg4 12.O-O c4 13.Qe2 Rc8 14.Rae1 e5 15.dxe6 fxe6
16.h3 Bxf3 17.Qxf3 Qc5+ 18.Kh1 e5 19.Be3 Qa5 20.Bxb6 Qxb6 21.fxe5 dxe5 22.Nd5 Qc6
23.Nxf6+ gxf6 24.Qxf6 Qxf6 25.Rxf6 Bb4 26.Rb1 a5 27.Re6+ Kf7 28.Rxe5 Rhd8
29.Rf1+ Kg6 30.h4 h6 31.Re6+ Kg7 32.h5 Rf8 33.Rg6+ Kh7 34.Rff6 Rxf6 35.Rxf6 Rc5
36.g4 Rg5 37.Bxc4 Rxg4 38.Bd5 Rh4+ 39.Kg2 Rxh5 40.Rf7+ Kg6 41.Rxb7 Kf6 42.c4 Ke5
43.Rb6 Rg5+ 44.Kf3 Rg1 45.Rxh6 Ra1 46.Bc6 Kd4 47.Rh4 Ra3+ 48.Kf4 Kxc4 49.e5 Kc5
50.Bb5 Kd5 51.Rh1 Bd2+ 52.Kf5 Rf3+ 53.Kg4 Rf4+ 54.Kg3 Kxe5 55.Rh5+  1/2-1/2

[Event "2nd Arberopen 2013"]
[Site "Bayerisch Eisenstein GER"]
[Date "2013.07.04"]
[Round "6.13"]
[White "Schleich,T"]
[Black "Stang,W"]
[Result "1-0"]
[WhiteElo "2082"]
[BlackElo "1886"]

1.d4 Nf6 2.Bg5 c5 3.Bxf6 gxf6 4.d5 Qb6 5.Qc1 d6 6.c4 Nd7 7.e3 Rg8 8.Nc3 f5
9.Qc2 Ne5 10.h3 Bd7 11.f4 Ng6 12.Nf3 Bg7 13.O-O-O Qa5 14.Rd2 a6 15.Bd3 b5
16.Kb1 Rb8 17.cxb5 axb5 18.Ne2 e6 19.dxe6 Bxe6 20.Bxf5 Qxa2+ 21.Kc1 Ra8 22.Bxe6 Qxe6
23.Kb1 b4 24.Ng5 Qa2+ 25.Kc1 Ne7 26.Ng3 b3 27.Qb1 Qa4 28.Kd1 d5 29.Nf5 h6
30.Nd6+ Kf8 31.Nh7+  1-0

[Event "2nd Arberopen 2013"]
[Site "Bayerisch Eisenstein GER"]
[Date "2013.07.04"]
[Round "6.20"]
[White "Closhen,I"]
[Black "Voelz,S"]
[Result "1-0"]
[WhiteElo "1987"]
[BlackElo "1947"]

1.d4 Nf6 2.Bg5 d5 3.Nd2 Nbd7 4.e3 e6 5.Bd3 Be7 6.f4 O-O 7.Nh3 c5 8.c3 Re8
9.O-O cxd4 10.exd4 Nf8 11.g4 Qb6 12.Rb1 e5 13.Bxf6 Bxf6 14.fxe5 Bxe5 15.Qf3 Be6
16.Ng5 Bf6 17.Nh3 Ng6 18.Kh1 Qd6 19.Rg1 Bd8 20.Rbf1 Bc7 21.Rf2 Nh4 22.Qd1 h5
23.Ng5 hxg4 24.Rxg4 Bxg4 25.Qxg4 Re1+ 26.Nf1 Nf5 27.Qxf5 Qg6 28.Qxf7+ Qxf7
29.Rxf7 Bd6 30.Kg2 Rf8 31.Bh7+ Kh8 32.Rxf8+ Bxf8 33.Bd3 Be7 34.Nf3 Re6 35.Kf2 a5
36.Ne3 Rd6 37.Ng4 Rb6 38.b3 a4 39.Nge5 Bf6 40.Bc2 axb3 41.Bxb3 Rd6  1-0

[Event "4th Kiryat Ono Open A"]
[Site "Kiryat Ono ISR"]
[Date "2013.07.04"]
[Round "5.10"]
[White "Kraus,Yair"]
[Black "Shtemler,Lavi"]
[Result "1-0"]
[WhiteElo "1978"]
[BlackElo "2034"]

1.d4 Nf6 2.Bg5 g6 3.Bxf6 exf6 4.e3 Bg7 5.g3 O-O 6.Bg2 d5 7.Ne2 c6 8.O-O Bf5
9.Nd2 Re8 10.c4 dxc4 11.Nxc4 Be4 12.Bxe4 Rxe4 13.Nc3 Re8 14.b4 Bf8 15.Qb3 Nd7
16.Rfd1 Nb6 17.Na5 Qe7 18.Rab1 a6 19.a4 Red8 20.Nc4 Nxc4 21.Qxc4 h5 22.Qe2 f5
23.h4 Qf6 24.Qf3 Bg7 25.Rb3 f4 26.Ne4 Qe6 27.Nc5 Qc4 28.exf4 Bxd4 29.Ne4 f5
30.Nd2 Qc2 31.Rbb1 Rd5 32.Qb3 Qxb3 33.Nxb3 Rad8 34.Kg2 Ba7 35.Re1 Kf7 36.Re5 Rd3
37.b5 cxb5 38.axb5 Rc3 39.bxa6 bxa6 40.Na5 Rd7 41.Re2 Kf6 42.Rbe1 Kf7 43.Ra1 Bb6
44.Rb2 Bd8 45.Raa2 Bf6 46.Rb6 Ra7 47.Nc6 Rc7 48.Raxa6 Rc5 49.Ne5+ Bxe5 50.fxe5 Rxe5
51.Rxg6 Rc2 52.Rg5 Rb2 53.Ra4 Kf6 54.Rf4 Rb8 55.Rxh5 Rg8 56.g4 Ke6 57.Kg3 fxg4
58.Rxe5+ Kxe5 59.Rxg4 Ra8 60.h5 Kf5 61.Kh4 Ra1 62.Rg3 Kf4 63.h6 Kf5 64.h7 Ra4+
65.Kh5 Ra1 66.Rh3  1-0

[Event "9th Baltic Pearl 2013"]
[Site "Lazy POL"]
[Date "2013.07.05"]
[Round "6.19"]
[White "Betkowski,A"]
[Black "Ivanova,Karina"]
[Result "1-0"]
[WhiteElo "2066"]
[BlackElo "2014"]

1.d4 Nf6 2.Bg5 d5 3.e3 c6 4.Bd3 Nbd7 5.Nf3 e6 6.O-O Be7 7.Nbd2 O-O 8.Ne5 c5
9.c3 Qc7 10.f4 h6 11.Bh4 b6 12.g4 Nxe5 13.fxe5 Ne8 14.Bg3 a5 15.Rf2 Ba6 16.Bxa6 Rxa6
17.Qe2 Ra8 18.Nf3 g6 19.Bf4 Kh7 20.Qf1 Kg7 21.Qh3 Rh8 22.Raf1 Ra7 23.Nd2 Bd8
24.e4 Qc8 25.Qe3 Re7 26.Rf3 cxd4 27.cxd4 Rd7 28.exd5 Rxd5 29.Bxh6+ Kg8 30.Rxf7  1-0

[Event "IsBank TCh-TUR 2013"]
[Site "Denizli TUR"]
[Date "2013.07.06"]
[Round "9.3"]
[White "Azaladze,S"]
[Black "Duman,A"]
[Result "1/2-1/2"]
[WhiteElo "2481"]
[BlackElo "2252"]

1.d4 Nf6 2.Bg5 g6 3.Nd2 Bg7 4.e4 d6 5.c3 Nbd7 6.Ngf3 h6 7.Bh4 g5 8.Bg3 Nh5
9.Bd3 e6 10.Ng1 Nxg3 11.hxg3 b6 12.Ne2 Bb7 13.Nc4 d5 14.exd5 Bxd5 15.Ne3 Bb7
16.Qc2 Nf6 17.O-O-O Qd7 18.g4 O-O-O 19.Ng3 Kb8 20.Kb1 Rhe8 21.f3 Qc8 22.Ne4 Nd5
23.Nxd5 Bxd5 24.Bb5 Rh8 25.Ng3 c5 26.Nh5 Bf8 27.dxc5 Bxc5 28.Nf6 Bb7 29.Rxd8 Rxd8
30.Rxh6 Be7 31.Ne4 f5 32.gxf5 exf5 33.Nf2 Qc5 34.Qe2 g4 35.Rh7 gxf3 36.gxf3 Bg5
37.a4 Qd5 38.Nd3 a6 39.Rxb7+ Qxb7 40.Bc4 Ka7 41.Nb4 a5 42.Nd3 Rd7 43.Qe6 Be7
44.Qxf5  1/2-1/2

[Event "2nd FE Acqui Terme A 2013"]
[Site "Acqui Terme ITA"]
[Date "2013.07.07"]
[Round "1.3"]
[White "Shaban,A"]
[Black "Sergeev,Vl"]
[Result "0-1"]
[WhiteElo "2066"]
[BlackElo "2436"]

1.d4 Nf6 2.Bg5 c5 3.c3 Qa5 4.Nf3 cxd4 5.Bxf6 gxf6 6.Nxd4 Nc6 7.Nb3 Qb6 8.Na3 e6
9.Nc4 Qc7 10.e4 b5 11.Ne3 b4 12.c4 Qe5 13.Qc2 a5 14.Rd1 a4 15.Nd2 Bc5 16.Nf3 Qc7
17.Be2 Qb6 18.Ng4 Ke7 19.Qd2 h5 20.Nxf6 Bxf2+ 21.Kf1 Qe3 22.Nxd7 Qxd2 23.Rxd2 Be3
24.Rd3 Bc1 25.Nb6 Ra6 26.c5 Ra5 27.Kf2 Bh6 28.Rhd1 Bg7 29.h4 Rxc5 30.Nxc8+ Rxc8
31.Rd7+ Ke8 32.Ng5 Ne5 33.Rb7 Rc2 34.Kf1 R8c7 35.Rb8+ Ke7 36.Rdd8 Nc6 37.Re8+ Kd6
38.e5+ Kxe5 39.Rb5+ Kf4 40.Nh3+ Ke3  0-1

[Event "ch-BEL Experten 2013"]
[Site "Antwerp BEL"]
[Date "2013.07.07"]
[Round "2.4"]
[White "Claesen,P"]
[Black "Dgebuadze,A"]
[Result "1/2-1/2"]
[WhiteElo "2335"]
[BlackElo "2520"]

1.d4 Nf6 2.Bg5 c5 3.Bxf6 gxf6 4.d5 Qb6 5.Qc1 f5 6.c4 Bh6 7.e3 f4 8.exf4 Bxf4
9.Qxf4 Qxb2 10.Ne2 d6  1/2-1/2

[Event "47th Ilmar Raud Mem"]
[Site "Viljandi EST"]
[Date "2013.07.07"]
[Round "9.17"]
[White "Bondarenko,Dmitry"]
[Black "Kanep,S"]
[Result "0-1"]
[WhiteElo "1952"]
[BlackElo "2183"]

1.d4 Nf6 2.Bg5 d5 3.Bxf6 exf6 4.e3 Bd6 5.Bd3 O-O 6.c3 c6 7.Qc2 g6 8.Nd2 f5
9.h4 Nd7 10.h5 Nf6 11.hxg6 hxg6 12.O-O-O Ne4 13.Nf1 Kg7 14.Nh3 Rh8 15.Rg1 Qe7
16.Nf4 Bd7 17.g3 Rae8 18.Ng2 c5 19.dxc5 Nxc5 20.Nf4 Ba4 21.b3 Bc6 22.g4 Nxd3+
23.Qxd3 d4 24.Qxd4+ Be5 25.Qb4 Qxb4 26.cxb4 Bf3 27.Nd2 Rc8+ 28.Nc4 b5 29.Rd7 Bxf4
30.exf4 fxg4 31.Rxa7 bxc4 32.bxc4 Rxc4+  0-1

[Event "3rd SPAChess Open"]
[Site "Amsterdam NED"]
[Date "2013.07.08"]
[Round "3.14"]
[White "Hachijan,A"]
[Black "Hoekstra,Pe"]
[Result "1-0"]
[WhiteElo "2214"]
[BlackElo "2022"]

1.d4 Nf6 2.Bg5 c5 3.Bxf6 exf6 4.e3 Qb6 5.b3 d5 6.Ne2 Nc6 7.c3 Be6 8.g3 Be7
9.Bg2 O-O 10.O-O Rac8 11.Nf4 Rfd8 12.a3 a5 13.Re1 Na7 14.a4 Rc7 15.Ra2 Qd6
16.Rd2 c4 17.bxc4 Rxc4 18.e4 dxe4 19.Bxe4 Bc8 20.Rde2 Bf8 21.Bxh7+ Kxh7 22.Qd3+ Bf5
23.Qxc4 Rd7 24.Nd2 g5 25.Ng2 Rc7 26.Qb3 Bg7 27.Ne3 Bd3 28.Nd5 Rd7 29.Re3 Bg6
30.Ne7 f5 31.Nc4 Qc7 32.Nxg6 fxg6 33.Ne5 Re7 34.Qd5 Nc6 35.Nxc6 bxc6 36.Rxe7  1-0